| 000 | 00752nam a2200217Ia 4500 | ||
|---|---|---|---|
| 003 | GCL | ||
| 008 | 140319s9999 xx 000 0 ara d | ||
| 040 |
_aGCL / _cGCL |
||
| 082 | 0 | 4 |
_a947.9 _bى ت |
| 100 | 1 | _aيوسف عزت | |
| 245 | 1 | 0 |
_aتاريخ القوقاز : يبحث عن اهمية بلاد القفقاس السياسية والحرية وعن منشأ اممها وقبائلها وتاريخها الحربى من قديم الزمان / _cيوسف عزت |
| 700 | 1 | _aعبدالحميد غالب (معرب) | |
| 300 | _a258 | ||
| 490 |
_aكتاب _v0 |
||
| 650 | 0 | 4 | _aتاريخ |
| 650 | 0 | 4 | _aالاتحاد السوفيتى |
| 650 | 0 | 4 | _aروسيا |
| 650 | 0 | 4 | _aالقوقاز |
| 650 | 0 | 4 | _aالجراكسة |
| 942 |
_2ddc _cBK |
||
| 999 |
_c42313 _d42313 |
||